书目信息 |
| 题名: |
吉祥语
|
|
| 作者: | 宋业瑾 王韵松 | |
| 分册: | ||
| 出版信息: | 北京 新华出版社 1998 |
|
| 页数: | 178页 | |
| 开本: | 20cm | |
| 丛书名: | ||
| 单 册: | ||
| 中图分类: | H034 | |
| 科图分类: | ||
| 主题词: | 语义学 , 词汇学 | |
| 电子资源: | ||
| ISBN: | 7-5011-3889-3 | |
| 000 | 00536nam0 2200193 450 | |
| 001 | 0728815141 | |
| 005 | 20070819080015.14 | |
| 010 | @a7-5011-3889-3@d¥9.80 | |
| 100 | @a20070819d km y0chiy0120 ea | |
| 101 | 0 | @achi |
| 200 | 1 | @a吉祥语@Aji xiang yu@f宋业瑾 王韵松@Fsong ye jin wang yun song |
| 210 | @a北京@c新华出版社@d1998 | |
| 215 | @a178页@d20cm | |
| 606 | 0 | @a语义学 |
| 606 | 0 | @a词汇学 |
| 690 | @aH034@v3 | |
| 701 | 0 | @a宋业瑾 王韵松@Asong ye jin wang yun song |
| 801 | 0 | @aCN@bPFT@c20070819 |
| 905 | @a213230@dH034@eZW85@f1 | |
| 吉祥语/宋业瑾 王韵松.-北京:新华出版社,1998 |
| 178页;20cm |
| ISBN 7-5011-3889-3:¥9.80 |
| ● |
| 相关链接 |
|
|
|
|
正题名:吉祥语
索取号:H034/ZW85
 
预约/预借
| 序号 | 登录号 | 条形码 | 馆藏地/架位号 | 状态 | 备注 |
| 1 | 7615060 | 276150601 | 密集书库-文学院/ [索取号:H034/ZW85] | 在馆 |